Most Viewed Songs From Each Country - Statistics

General Stats
  • This quiz has been taken 33 times
  • The average score is 11 of 29
Answer Stats
Country/Territory Views Answer Main Artist % Correct
Colombia 3.7B Waka Waka (This Time for Africa) Shakira
81%
South Korea 4.9B Gangnam Style PSY
78%
Canada 3.7B Sorry Justin Bieber
70%
Australia 2.6B Chandelier Sia
67%
Puerto Rico 8.3B Despacito Luis Fonsi
67%
United Kingdom 8.1B Shape of You Ed Sheeran
67%
Denmark 1.4B 7 Years Lukas Graham
59%
Barbados 2.2B Diamonds Rihanna
59%
United States 6.0B See You Again Wiz Khalifa
59%
Sweden 4.1B Crazy Frog Axel F
56%
Albania 2.8B New Rules Dua Lipa
56%
Ireland 1.4B Zombie The Cranberries
56%
Netherlands 1.6B Animals Martin Garrix
52%
Norway 3.5B Faded Alan Walker
48%
Trinidad & Tobago 1.1B Anaconda Nicki Minaj
41%
Jamaica 3.4B Lean On Major Lazer
41%
Spain 3.4B Bailando Enrique Iglesias
30%
Brazil 1.7B Bum Bum Tam Tam MC Fioti
26%
Morocco 1.6B Unforgettable French Montana
26%
Panamá 4.4B Dame Tu Cosita El Chombo
19%
Dominican Republic 2.5B Criminal Natti Natasha
15%
Lithuania 1.1B In My Mind Dynoro
15%
Cuba 1.5B La Gozadera Gente de Zona
15%
France 2.5B Taki Taki DJ Snake
15%
Venezuela 1.8B Me Rehúso Danny Ocean
11%
México 1.4B No Me Acuerdo Thalía
11%
Argentina 1.2B Nena Maldición Paulo Londra
4%
India 1.5B Rowdy Baby Dhanush
4%
Guatemala 1.1B Fuiste tú Ricardo Arjona
0%
No matching quizzes found
Score Distribution
Percent of People with Each Score
Percentile by Number Answered
Your Score History
You have not taken this quiz